| 000 | 00768nam a2200253 i 4500 | ||
|---|---|---|---|
| 001 | bg | ||
| 100 | 1 | _aSZMYTKOWSKI, Radosław | |
| 245 | 1 | 0 |
_aMetoda R-macierzy dla równań Schrödingera i Diraca / _cRadosław Szmytkowski ; Politechnika Gdańska. |
| 260 |
_aGdańsk : _bWydaw. PG, _c1999. |
||
| 300 |
_a164 s. ; _c24 cm. |
||
| 500 | _aStreszcz. ang. | ||
| 504 | _aBibliogr. s. 155-162. | ||
| 650 | 9 |
_aFizyka jądrowa _xzagadnienia |
|
| 650 | 9 |
_aMacierze _xstosowanie _xfizyka |
|
| 650 | 9 |
_aRachunek operatorowy _xstosowanie _xfizyka |
|
| 710 | 0 | _aPolitechnika Gdańska | |
| 020 | _a8388007033 | ||
| 040 | _cBPK | ||
| 041 | 0 |
_apl _ben |
|
| 080 | _a512.64+517.4:539.1 | ||
| 920 | _a83-88007-03-3 | ||
| 942 | _cKS | ||
| 008 | s pl f |000 0 pol | ||
| 999 |
_c38429 _d38429 |
||
| 856 |
_uhttp://koha.tu.koszalin.pl/cgi-bin/koha/opac-detail.pl?biblionumber=38429 _yKatalog online BPK |
||